000 01023cai a22001935a 4500
001 L141734
008 071217u xxk g 000 0 eng d
035 _a(Sirsi) u141734
041 0 _aeng
110 2 _aLondon Development Agency
_95482
245 0 0 _aLondon
_bgreen organisations
_h[electronic resource]
520 _aProvides information and advice, tools and case studies to help small/medium and large organisations in London tackle climate change and adopt greener practices. Includes useful publications and links, sources of funding, a carbon calculator, advice on energy saving tools, and information about the Green500 scheme.
590 _aKA
651 4 _aLondon (Greater London Authority)
_c2000-
_93989
690 _aENVIRONMENTAL AND LAND CONSULTANCY-ENVIRONMENTAL MANAGEMENT
710 2 _aLondon
_bGreater London Authority
_bMayor of London
_94869
856 4 0 _uhttps://www.londonclimatechange.co.uk/greenorganisations/home/
_zView the website free of charge at www.londonclimatechange.co.uk...
942 _n0
999 _c120638
_d120638